Anatomy of orofacial structures. (2nd ed.) (Record no. 30747)

MARC details
000 -LEADER
fixed length control field 00821nam a2200229 a 4500
008 - FIXED-LENGTH DATA ELEMENTS--GENERAL INFORMATION
fixed length control field 110908s1982 ||||||||||||||||| || u
020 ## - INTERNATIONAL STANDARD BOOK NUMBER
International Standard Book Number 0801608570
050 ## - LIBRARY OF CONGRESS CALL NUMBER
Classification number QM 311 Bra.
100 ## - MAIN ENTRY--PERSONAL NAME
Personal name Brand, Richard W
245 10 - TITLE STATEMENT
Title Anatomy of orofacial structures. (2nd ed.)
250 ## - EDITION STATEMENT
Edition statement 2nd ed.
260 ## - PUBLICATION, DISTRIBUTION, ETC.
Place of publication, distribution, etc. St Louis, Missouri:
Name of publisher, distributor, etc. C. V. Mosby
Date of publication, distribution, etc. 1982
300 ## - PHYSICAL DESCRIPTION
Extent ix, 405p.: ill.
350 ## -
-- 0.00
650 ## - SUBJECT ADDED ENTRY--TOPICAL TERM
Topical term or geographic name entry element MOUTH--ANATOMY
650 #0 - SUBJECT ADDED ENTRY--TOPICAL TERM
Topical term or geographic name entry element DENTISTRY--ATLASES
650 ## - SUBJECT ADDED ENTRY--TOPICAL TERM
Topical term or geographic name entry element NECK--ANATOMY & HISTOLOGY--ATLASES
650 #7 - SUBJECT ADDED ENTRY--TOPICAL TERM
Topical term or geographic name entry element TEETH
Source of heading or term fast
650 ## - SUBJECT ADDED ENTRY--TOPICAL TERM
Topical term or geographic name entry element HEAD--ANATOMY & HISTOLOGY--ATLASES
700 ## - ADDED ENTRY--PERSONAL NAME
Personal name Isselhard, Donald E
995 ## -
-- MICHAEL CHILUFYA SATA OPEN ACCESS
-- 0.00
-- 900654
-- CBU-SCHOOL OF MEDICINE LIBRARY (Ndola)
-- 1
-- 0.00
-- QM 311 Bra.
-- 1
-- AVAILABLE
-- Oct 12, 2011
-- 900654
-- Medical Library Open Access Collection
999 ## -
-- 30747
-- 30747
Holdings
Withdrawn status Lost status Source of classification or shelving scheme Damaged status Not for loan Permanent Location Current Location Shelving location Date acquired Total Checkouts Full call number Barcode Date last seen Price effective from Koha item type
          CBU-SCHOOL OF MEDICINE LIBRARY, NDOLA. CBU-SCHOOL OF MEDICINE LIBRARY, NDOLA.   11/30/2022   QM 311 Bra. 900654 11/30/2022 11/30/2022 MONOGRAPH